Η διαχείριση και κοστολόγηση των υδάτων βάσει της οδηγίας-πλαίσιο 2000/60 διπλωματική εργασία

Αποθηκεύτηκε σε:
Λεπτομέρειες βιβλιογραφικής εγγραφής
Κύριος συγγραφέας: Γεωργοπούλου, Αφροδίτη
Συγγραφή απο Οργανισμό/Αρχή: Πανεπιστήμιο Αιγαίου Σχολή Περιβάλλοντος Τμήμα Περιβάλλοντος Πρόγραμμα Μεταπτυχιακών Σπουδών Γεωργία και Περιβάλλον
Άλλοι συγγραφείς: Γαγάνης, Πέτρος (Εισηγητής διατριβής), Σηφάκης, Αντώνης (Εισηγητής διατριβής)
Μορφή: Thesis Βιβλίο
Γλώσσα:Greek
Δημοσίευση: 2010
Θέματα:
Διαθέσιμο Online:http://hdl.handle.net/11610/15308
Ετικέτες: Προσθήκη ετικέτας
Δεν υπάρχουν, Καταχωρήστε ετικέτα πρώτοι!

MARC

LEADER 00000cam a2200000 i 4500
001 1/15364
008 111004s2010 gre d
035 |l 10110955 
040 |a GR-MY-UA  |b gre  |e aacr 
041 0 |a gre 
082 0 |a 333.9113  |2 (22) 
100 1 |a Γεωργοπούλου, Αφροδίτη. 
245 1 2 |a Η διαχείριση και κοστολόγηση των υδάτων βάσει της οδηγίας-πλαίσιο 2000/60/ΕΕ :  |b διπλωματική εργασία /  |c Γεωργοπούλου Αφροδίτη ; υπεύθυνος καθηγητής: Πέτρος Γαγάνης, συν υπεύθυνος: Αντώνης Σηφάκης 
260 |c 2010 
300 |a 79 σ.;  |c 30 εκ. 
500 |a Βιβλιογραφία: σ. 77-79 
502 |a Διατριβή (μεταπτυχιακή) – Πανεπιστήμιο Αιγαίου, Λέσβος, 2010. 
650 0 0 |a Drinking water  |x Costs. 
650 0 0 |a Water-supply  |x Economic aspects  |z Greece. 
650 0 0 |a Water resources development  |x Economic aspects. 
650 0 0 |a Dissertations, Academic  |z Greece. 
700 1 |a Γαγάνης, Πέτρος.  |4 ths 
700 1 |a Σηφάκης, Αντώνης.  |4 ths 
710 2 |a Πανεπιστήμιο Αιγαίου  |b Σχολή Περιβάλλοντος  |b Τμήμα Περιβάλλοντος  |b Πρόγραμμα Μεταπτυχιακών Σπουδών Γεωργία και Περιβάλλον. 
852 |a INST  |b LESVOS  |c DIATR  |e 20111004  |h 387  |p 005100051467  |q 005100051467  |t MTXE  |y 23 
852 |a INST  |b LESVOS  |c DIATR  |e 20111004  |h 388  |p 005100051466  |q 005100051466  |t MTXE  |y 23 
856 |u http://hdl.handle.net/11610/15308 
901 |a BIBL1-2011-3 
909 |a Λ  |b 171685 
909 |a Λ  |b 171686 
924 |a ΓΕΩΡΓΟΠΟΥΛΟΥ  |b ΑΦΡΟΔΙΤΗ  |y ΛΕΣΒΟΣ  |z 2010-12 
970 |a ΤΖΑΦΕΡΗ  |b ΕΥΑΓΓΕΛΙΑ  |z 2011/10/03